| 000 -LEADER |
| fixed length control field |
00399cam a22001337a 4500 |
| 008 - FIXED-LENGTH DATA ELEMENTS--GENERAL INFORMATION |
| fixed length control field |
180718b1956-58 xxu||||| |||| 00| 0 eng d |
| 082 ## - DEWEY DECIMAL CLASSIFICATION NUMBER |
| Classification number |
Z46x54 K959 |
| 100 ## - MAIN ENTRY--PERSONAL NAME |
| Personal name |
Kulkarni, K.R. |
| 245 ## - TITLE STATEMENT |
| Title |
Agricultural marketing in India |
| Statement of responsibility, etc. |
by K.R., Kulkarni |
| 250 ## - EDITION STATEMENT |
| Edition statement |
2nd ed. |
| 260 ## - PUBLICATION, DISTRIBUTION, ETC. |
| Place of publication, distribution, etc. |
Bombay |
| Name of publisher, distributor, etc. |
Co-operator's Book Depot |
| Date of publication, distribution, etc. |
1956-58 |
| 650 ## - SUBJECT ADDED ENTRY--TOPICAL TERM |
| Topical term or geographic name entry element |
Farm produce --Marketing |
| 650 ## - SUBJECT ADDED ENTRY--TOPICAL TERM |
| Topical term or geographic name entry element |
Produce trade --India |